Memoria /

שמור ב:
מידע ביבליוגרפי
מחבר ראשי: Bozzoli V, María Eugenia
Autores Corporativos: Universidad de Costa Rica, Unicef UNED
מחברים אחרים: comp/ Ramiro Barrantes comp Obando, Dinorah comp Rojas, Mirna comp
פורמט: Texto
יצא לאור: San José: EUNED
תגים: הוספת תג
אין תגיות, היה/י הראשונ/ה לתייג את הרשומה!

MARC

LEADER 00000 a a2200000 04500
001 28188
003
040
020 |a 9977-64-974-X  
090 |a 188000  
100 |a Bozzoli V, María Eugenia  
110 |a Universidad de Costa Rica  
245 |a Memoria /  |c Universidad de Costa Rica  
260 |a San José:   |b EUNED  
300 |a xii, 490 p   |b **no definido**   |b il.   |b fonodiscos   |b map.  
700 |a comp/  |c Ramiro Barrantes   |a comp   |a Obando, Dinorah   |a comp   |a Rojas, Mirna   |a comp  
710 |a Unicef   |a UNED  
999 |c 2868  |d 2868